Historická zeleň, parky a záhrady v Bratislavskej župe : zborník príspevkov z konferencie Bratislavského samosprávneho kraja Dni európskeho kultúrneho dedičstva 2016. Modra - Piesok, 28. september 2016 /
Gespeichert in:
| Körperschaft: | |
|---|---|
| Weitere Verfasser: | , |
| Format: | Tagungsbericht Buch |
| Sprache: | Slowakisch |
| Veröffentlicht: |
Bratislava :
Bratislavský samosprávny kraj,
2016
|
| Ausgabe: | 1. vyd. |
| Tags: |
Keine Tags, Fügen Sie das erste Tag hinzu!
|
MARC
| LEADER | 00000nam a22000003a 4500 | ||
|---|---|---|---|
| 001 | 0118045 | ||
| 003 | SK-STU | ||
| 005 | 20251107105019.1 | ||
| 007 | ta | ||
| 008 | 251107s ----xo-----e------000-0-----d | ||
| 020 | |a 978-80-972-433-6-4 | ||
| 040 | |a STU |b slo | ||
| 041 | 0 | |a slo | |
| 044 | |a xo | ||
| 111 | 2 | |a Historická zeleň, parky a záhrady v Bratislavskej župe |d 28. 9. 2016 |c Modra - Piesok, Slovenská republika | |
| 245 | 1 | 0 | |a Historická zeleň, parky a záhrady v Bratislavskej župe : |b zborník príspevkov z konferencie Bratislavského samosprávneho kraja Dni európskeho kultúrneho dedičstva 2016. Modra - Piesok, 28. september 2016 / |c zost. Rastislav Šenkirik, Lucia Gembešová |
| 250 | |a 1. vyd. | ||
| 260 | |a Bratislava : |b Bratislavský samosprávny kraj, |c 2016 | ||
| 300 | |a 139 s. | ||
| 700 | 1 | |a Šenkirik, Rastislav |4 com | |
| 700 | 1 | |a Gembešová, Lucia |4 com | |
| 996 | |b 284V038312 |c V* 2678/sc-25 |l VVT |s P |a 0 |w 0118045_0001 | ||